Drafting residential leases (Record no. 94545)

MARC details
000 -LEADER
fixed length control field 01892cam a2200577 4500
008 - FIXED-LENGTH DATA ELEMENTS--GENERAL INFORMATION
fixed length control field 090401t1995 xxu||||| |||| 00| 0 eng d
020 ## - INTERNATIONAL STANDARD BOOK NUMBER
International Standard Book Number 0752001191
035 ## - SYSTEM CONTROL NUMBER
System control number (Sirsi) u63387
041 ## - LANGUAGE CODE
Language code of text/sound track or separate title eng
050 ## - LIBRARY OF CONGRESS CALL NUMBER
Classification number 346.4104342
-- 18
100 ## - MAIN ENTRY--PERSONAL NAME
Personal name Bennett, Charles
245 ## - TITLE STATEMENT
Title Drafting residential leases
250 ## - EDITION STATEMENT
Edition statement 3rd ed.
260 ## - PUBLICATION, DISTRIBUTION, ETC.
Place of publication, distribution, etc. London
Name of publisher, distributor, etc. FT Law and Tax
Date of publication, distribution, etc. 1995
300 ## - PHYSICAL DESCRIPTION
Extent xlii, 601p.
Dimensions 24cm.
350 ## - PRICE (NR) (BK AM CF MU VM SE) [OBSOLETE]
Price 65
505 ## - FORMATTED CONTENTS NOTE
Formatted contents note Drafting
505 ## - FORMATTED CONTENTS NOTE
Formatted contents note Why grant a lease?
505 ## - FORMATTED CONTENTS NOTE
Formatted contents note Types of tenancy
505 ## - FORMATTED CONTENTS NOTE
Formatted contents note The term of the lease
505 ## - FORMATTED CONTENTS NOTE
Formatted contents note Premises, easements and other rights
505 ## - FORMATTED CONTENTS NOTE
Formatted contents note Rent and rent increases
505 ## - FORMATTED CONTENTS NOTE
Formatted contents note Service charges and insurance
505 ## - FORMATTED CONTENTS NOTE
Formatted contents note Rates, taxes and VAT
505 ## - FORMATTED CONTENTS NOTE
Formatted contents note Assignment and subletting
505 ## - FORMATTED CONTENTS NOTE
Formatted contents note Under covenants
505 ## - FORMATTED CONTENTS NOTE
Formatted contents note Repairing convenants
505 ## - FORMATTED CONTENTS NOTE
Formatted contents note Enforcement and forfeiture
505 ## - FORMATTED CONTENTS NOTE
Formatted contents note Deposits and premiums
505 ## - FORMATTED CONTENTS NOTE
Formatted contents note Surities
505 ## - FORMATTED CONTENTS NOTE
Formatted contents note Disposal of landlords interest
505 ## - FORMATTED CONTENTS NOTE
Formatted contents note Variations
505 ## - FORMATTED CONTENTS NOTE
Formatted contents note Lettings to students
505 ## - FORMATTED CONTENTS NOTE
Formatted contents note Holiday lettings and holiday homes
505 ## - FORMATTED CONTENTS NOTE
Formatted contents note Lettings of employees
505 ## - FORMATTED CONTENTS NOTE
Formatted contents note Letting the landlord's home
505 ## - FORMATTED CONTENTS NOTE
Formatted contents note Assured shorthold tenancies
505 ## - FORMATTED CONTENTS NOTE
Formatted contents note Secure tenancies
505 ## - FORMATTED CONTENTS NOTE
Formatted contents note Extension leases under the Leaehold Reform Act 1967
505 ## - FORMATTED CONTENTS NOTE
Formatted contents note Protected tenancies granted after 15 January 1989
505 ## - FORMATTED CONTENTS NOTE
Formatted contents note Leasehold Reform, Housing and Urban Development Act 1993
505 ## - FORMATTED CONTENTS NOTE
Formatted contents note Licences and sharing agreements
650 ## - SUBJECT ADDED ENTRY--TOPICAL TERM
Topical term or geographic name entry element HOUSING ACT 1988
650 ## - SUBJECT ADDED ENTRY--TOPICAL TERM
Topical term or geographic name entry element LOCAL GOVERNMENT AND HOUSING ACT 1989
650 ## - SUBJECT ADDED ENTRY--TOPICAL TERM
Topical term or geographic name entry element RENT ACT 1977
650 ## - SUBJECT ADDED ENTRY--TOPICAL TERM
Topical term or geographic name entry element LEASEHOLD REFORM, HOUSING AND URBAN DEVELOPMENT ACT 1993
650 ## - SUBJECT ADDED ENTRY--TOPICAL TERM
Topical term or geographic name entry element LEASEHOLD REFORM ACT 1967
690 ## - LOCAL SUBJECT ADDED ENTRY--TOPICAL TERM (OCLC, RLIN)
Topical term or geographic name as entry element PROPERTY-RESIDENTIAL PROPERTY-RESIDENTIAL LANDLORD AND TENANT-RESIDENTIAL LEASES
942 ## - ADDED ENTRY ELEMENTS (KOHA)
Suppress in OPAC 0
948 ## - LOCAL PROCESSING INFORMATION (OCLC); SERIES PART DESIGNATOR (RLIN)
c (OCLC) 04/03/1997
Holdings
Withdrawn status Lost status Source of classification or shelving scheme Damaged status Not for loan Home library Current library Shelving location Date acquired Total Checkouts Full call number Barcode Date last seen Date last checked out Copy number Price effective from Koha item type
    Dewey Decimal Classification     London London Books 02/10/2002 2 346.4104342 BEN 30066762 06/08/2019 22/09/2005 3 06/08/2019 Book